Most lutheran countries - Statistics

General Stats
  • This quiz has been taken 492 times
  • The average score is 13 of 20
Answer Stats
Hint Answer % Correct
12 202 000 Germany
95%
14.9% Germany
95%
3 951 000 USA
95%
6 500 000 Sweden
93%
66.3% Sweden
93%
4 430 000 Denmark
92%
77.6% Denmark
92%
3 847 000 Norway
91%
73.6% Norway
91%
4 146 000 Finland
89%
75.5% Finland
89%
73.6% Iceland
75%
13.7% Estonia
63%
3 539 000 India
36%
48.7% Namibia
32%
5 825 000 Tanzania
32%
6 356 000 Ethiopia
24%
5 812 000 Indonesia
24%
13.0% Papua New Guinea
13%
13.4% Madagascar
11%
No matching quizzes found
Score Distribution
Percent of People with Each Score
Percentile by Number Answered
Your Score History
You have not taken this quiz